00322 a2200145 450000100060000002000150000604000240002110000190004524000310006424500260009530000070012136200090012844000080013765000310014570380 a8532208592 cAnchieta - Itaigara aOrthof, Sylvia10aJogando conversa foralpor10aJogando conversa fora a400 a1998 1aFTD 4aLiteratura infanto-juvenil